=LDR 00000nam 2200000 4500 =001 INLIS000000000006843 =005 20130612094932 =008 ***********************************Ind** =035 ##$$0010-061300000006843 =041 ##$$a Ind =082 ##$$a 959.8 =090 ##$$a 959.8, Haj s =100 ##$$a Hajati, Chusnul =245 ##$$a Sejarah Indonesia, Dra. Chusnul Hajati =260 ##$$a 1986 $b Jakarta =300 ##$$a 30 hlm., 21 cm =650 ##$$a Sejarah-Indonesia =850 ##$$a NBPNMAT